000
00294nam a2200133Ia 4500
100
_a
Taylor/Openshaw
942
_c
BK
654
_a
AC
245
_a
Performance and design of AC commutator motors
260
_b
A.H.Wheelar & Co
082
_a
621.56
_b
TAY
300
_a
350
546
_a
ENGLISH
999
_c
29778
_d
29778